Gandhi's Search for the Perfect Diet : (Record no. 1678294)

MARC details
000 -LEADER
fixed length control field 00477 a2200169 4500
005 - DATE AND TIME OF LATEST TRANSACTION
control field 20260305152847.0
008 - FIXED-LENGTH DATA ELEMENTS--GENERAL INFORMATION
fixed length control field 260305b |||||||| |||| 00| 0 eng d
020 ## - INTERNATIONAL STANDARD BOOK NUMBER
International Standard Book Number 9780295744957
040 ## - CATALOGING SOURCE
Transcribing agency SDCL
041 ## - LANGUAGE CODE
Source of code eng
Language code of text/sound track or separate title eng
084 ## - COLON CLASSIFICATION NUMBER
Classification number V2y7M69 Q9
100 ## - MAIN ENTRY--PERSONAL NAME
Personal name Slate, Nico
245 ## - TITLE STATEMENT
Title Gandhi's Search for the Perfect Diet :
Remainder of title Eating with the World in Mind
260 ## - PUBLICATION, DISTRIBUTION, ETC.
Place of publication, distribution, etc. America :
Name of publisher, distributor, etc. University of Washington Press,
Date of publication, distribution, etc. 2019.
300 ## - PHYSICAL DESCRIPTION
Extent xii, 237p.
942 ## - ADDED ENTRY ELEMENTS (KOHA)
Koha item type Textual
Source of classification or shelving scheme Colon Classification (CC)
999 ## -
-- 1678294
-- 1678294
Holdings
Withdrawn status Lost status Source of classification or shelving scheme Damaged status Not for loan Home library Current library Date acquired Source of acquisition Cost, normal purchase price Inventory number Total checkouts Full call number Barcode Date last seen Cost, replacement price Price effective from Koha item type
    Colon Classification (CC)     South Campus Library South Campus Library 2025-12-19 37 1451.43 122320 & 19/12/2025   V2y7M69 Q9 SC1691705 2025-12-19 2073.47 2025-12-19 Textual
Copyright @ Delhi University Library System